Amorphous and Nanocrystalline Materials : Preparation, Properties, and Applicattions /

Gespeichert in:
Bibliographische Detailangaben
Hauptverfasser: Inoue, Akihisa (Verfasst von), Hashimoto, Koji (Verfasst von)
Format: Buch
Sprache:Englisch
Veröffentlicht: Berlin Springer 2001
Ausgabe:1. vyd.
Schriftenreihe:Advances in Materials Research 3
Schlagworte:
Tags: Tag hinzufügen
Keine Tags, Fügen Sie das erste Tag hinzu!

MARC

LEADER 00000nam a22000003a 4500
001 0087748
003 SK-STU
005 20210406100048.3
007 ta
008 210406s ----xo-----e------000-0-----d
020 |a 978-3-642-08664-9 
022 |a 1435-1889 
040 |a STU  |b slo 
041 0 |a eng 
044 |a gw 
100 1 |a Inoue, Akihisa  |4 aut 
245 1 0 |a Amorphous and Nanocrystalline Materials :   |b Preparation, Properties, and Applicattions /  |c aut. Akihisa Inoue, Koji Hashimoto 
250 |a 1. vyd. 
260 |a Berlin  |b Springer  |c 2001 
300 |a 206 s. 
490 0 |a Advances in Materials Research  |v 3 
650 0 7 |a materiálové vedy 
650 0 7 |a nanotechnológie 
700 1 |a Hashimoto, Koji  |4 aut 
996 |b 284M088712  |c M* 14446-1  |l MMST  |s A  |a 24  |w 0087748_0001